| 000 | 00521nam a2200217Ia 4500 | ||
|---|---|---|---|
| 003 | 0100 | ||
| 008 | 130303s9999 xx 000 0 und d | ||
| 040 | _cARRUPELIB | ||
| 050 | _aPR146.G51970 | ||
| 100 | _aGleckner, Robert F. (ed) | ||
| 245 | _aRomanticism | ||
| 245 | _bPoints of View | ||
| 250 | _aSecond Edition | ||
| 260 | _aEnglewood Cliffs, New Jersey | ||
| 260 | _bPrentice-Hall Inc | ||
| 260 | _C1970 | ||
| 300 | _a346p | ||
| 650 | _bLonergan, Bernard J F | ||
| 700 | _aEnscoe, Gerald E | ||
| 942 | 0 | 0 | _02 |
| 999 |
_c34022 _d34022 |
||